Statistics for Which body of water?

Click here to take the quiz!

General Stats

  • This quiz has been taken 22 times
  • The average score is 13 of 16

Answer Stats

QuestionAnswer% Correct
Bangladesh - CountryBay of Bengal
100%
Algeria - CountryMediterranean Sea
100%
Mumbai - CityArabian Sea
93%
Kazakhstan - CountryCaspian Sea
93%
Bangkok - CityGulf of Thailand
93%
England - CountryNorth Sea
93%
Montenegro - CountryAdriatic Sea
87%
Haiti - CountryCaribbean Sea
87%
New Zealand - CountryTasman Sea
87%
Georgia - CountryBlack Sea
80%
Lagos - CityGulf of Guinea
80%
Dubai - CityPersian Gulf
80%
Hong Kong - CountrySouth China Sea
73%
Eritrea - CountryRed Sea
67%
Malaysia - CountrySouth China Sea
60%
St. Petersburg - CityGulf of Finland
40%

Score Distribution

Percentile by Number Answered

Percent of People with Each Score

Your Score History

You have not taken this quiz